000 01114nam a2200313 a 4500
001 vtls001303912
003 NLI
005 20210627043915.0
008 120418s1979 dcua i000 0 eng
039 9 _y201204181930
_zVLOAD
040 0 _aNLI
_cVTLS-2012_FOD
_eAACR2
041 0 _aeng
044 _adcu
082 0 4 _a363.125
110 1 _aUnited States.
_bDepartment of Transportation.
_bFederal Highway Administration.
_bOffice of Research and Development
_9725759
245 1 0 _aGuidelines for selecting a small highway sign support system
260 _aWashington, D.C. :
_bUnited States Government Printing Office,
_c1979
300 _a71 p. :
_bill. ;
_c28 cm.
440 0 _aImplementation package ;
_vFHWA-IP-79-7
_9725760
650 0 _aHighway safety
_9725761
650 0 _aFederal highway system
_9725762
710 2 _aFederal Highway Administration
_9725763
710 2 _aOffice of Research And Development
_9725764
887 _a
901 _aAD 158590
_b08.01.2011
902 _aU.S 363.125 Un 3 g (FHWA-IP-79-7)
949 _AVIRTUAITEM
_D10000
_X100
_6ADX000158590ENG
942 _2ddc
_cBKS
999 _c596392
_d596392